=LDR 00000nam 2200000 4500 =001 INLIS000000000025380 =005 20130612123909 =008 ***********************************Ind** =035 ##$$0010-061300000025380 =041 ##$$a Ind =082 ##$$a 736.9 =090 ##$$a 736.9, Sch m =100 ##$$a Schubert, Wisai Frans =245 ##$$a Mainan unik dari lilin warna, Wisai Frans Schubert =260 ##$$a 2005 $b Jakarta =300 ##$$a 80 hlm, ilus, 25 cm =650 ##$$a Mainan =850 ##$$a NBPNMAT